000 00420nam a2200181Ia 4500
001 7334
005 20260306160447.0
008 260306t2002||||xx |||||||||||||| ||spa||
041 _aESP
082 _a338.5
_bQ78
100 _aQuispe Quiroz, Ubaldo
_eAUT
245 0 _aMicroeconomía práctica
260 _c2002
300 _a519 páginas :
_c20 cm.
650 _aGEN
654 _aCAN
942 _cLIB
_dJUS
_fJUS
_2ddc
_n
999 _c7334
_d7334